Štátny vzdelávací program pre predprimárne vzdelávanie v materských školách /

Uloženo v:
Podrobná bibliografie
Korporativní autor: Štátny pedagogický ústav (Bratislava, Slovensko) (Původce)
Médium: Kniha
Jazyk:slovenština
Vydáno: Bratislava : Dr. Josef Raabe Slovensko, 2016
Vydání:1. vyd.
Témata:
ISBN:9788081402449
On-line přístup: Získat plný text
Tagy: Přidat tag
Žádné tagy, Buďte první, kdo vytvoří štítek k tomuto záznamu!

MARC

LEADER 00000nam a2200000 4500
003 SK-BrCVT
005 20220618111053.0
006 a e f 000 0
008 161019s2016 xo e f 000 0slo#d
020 |a 9788081402449   |q (brož.) 
035 |a CVTIDW0060073 
040 |a SNK  |b slo  |c SVKBB  |e AACR2  |d CVTI SR 
041 0 |a slo 
044 |a xo  |c SK 
080 |a 373.24  |2 2008 
110 1 |a Štátny pedagogický ústav (Bratislava, Slovensko)  |4 org 
245 1 0 |a Štátny vzdelávací program pre predprimárne vzdelávanie v materských školách /  |c Štátny pedagogický ústav 
250 |a 1. vyd. 
260 |a Bratislava :  |b Dr. Josef Raabe Slovensko,  |c 2016 
300 |a 106 s. :  |b tab. ;  |c 30 cm 
653 1 |a vzdelávanie detí 
653 1 |a materská škola 
655 7 |a príručky  |2 SNKPH 
852 |a CVTISR  |b 1 
910 |b A624450 
919 |a 978-80-8140-244-9 
959 |a 02 
974 |a katarina.repata  |f Knihy 
992 |a APP 
999 |c 263568  |d 263568